000 01329cad a22002415a 4500
001 L146879
008 090309e20090306xxkd f s 000 0 eng d
035 _a(Sirsi) u146879
041 0 _aeng
050 0 4 _a333.33 $2 18
110 2 _aRoyal Institution of Chartered Surveyors
_bEconomics
_95033
245 0 0 _aRICS global real estate weekly
_b6 March 2009
_h[electronic resource]
260 _aLondon
_bRICS
_c2009
490 0 _aRICS Global Real Estate Weekly
_v6 March 2009
520 _aSuggests that the Middle Eastern property market is now feeling the effects of the global economic downturn, with capital values falling for the first time. Looks at Chinese real estate and the effects of fiscal stimulus measures and also examines the upcoming Swiss interest rate decision and recent property data. Detects green shoots in the Australian housing market, where housing finance data is showing encouraging signs, improving in October, November and December.
590 _aKA
650 2 4 _aRICS GLOBAL REAL ESTATE WEEKLY
651 4 _aInternational
690 _aBUILT ENVIRONMENT-CONSTRUCTION MARKET
690 _aPROPERTY-COMMERCIAL PROPERTY-COMMERCIAL PROPERTY MARKET
856 4 0 _uhttps://www.rics.org/site/scripts/download_info.aspx?downloadID=1162
_zView this item free of charge at www.rics.org...
942 _n0
999 _c109332
_d109332